000 00856nas a2200265 4500
001 BR8401783
003 BR-BrBNA
005 20231205085855.0
007 ta
008 230509b bl.|||p| |||| 00| 00por d
040 _aBR-BrBNA
_bpor
_cBiblioteca Nacional de Agricultura
041 _a(Pt)
072 _aL73
100 1 _aHagiwara, M.K.
100 1 _aLarsson, M.H.M.A.
100 1 _aPereira, D.
245 1 _aEstudo das variacoes hematologicas na parvovirose canina [enterite]
246 1 _aStudy of the hematolosical variations of the parvovirus infection in the dog [enterits]
650 _aCAO
650 _aENTERITE
650 _aHEMATOLOGIA
773 0 _tRevista Brasileira de Medicina Veterinaria (Brazil)
_xISSN 0100-2434
_g(Apr 1984), v. 6(2) p. 52-55
_wBR8401783
909 _a202311
_bLúcia
_c55
_dLúcia Elande
942 _2AGRIS
_n0
_cANA
999 _c114445
_d114445